Southville International School and Colleges
Your cart is empty.
  • Cart
  • Lists
    Public lists Eva Luna New books Lux_list list_1
    Your lists Log in to create your own lists
  • Log in to your account
  • Your cookies
  • Search history
Southville International School and Colleges
  • Advanced search
  • Recent comments
  • Most popular
  • Libraries

Log in to your account

Log in with GOOGLE


If you do not have an external account, but do have a local account, you can still log in:

  1. Home
  2. MARC view: The swiss family robinson /
Normal view MARC view ISBD view

The swiss family robinson / (Record no. 110953)

[ view plain ]
MARC details
000 -LEADER
fixed length control field 00408nam a2200157 a 4500
001 - CONTROL NUMBER
control field 3693
005 - DATE AND TIME OF LATEST TRANSACTION
control field 20140414131906.0
008 - FIXED-LENGTH DATA ELEMENTS--GENERAL INFORMATION
fixed length control field 061002s19uu xx 00 eng d
020 ## - INTERNATIONAL STANDARD BOOK NUMBER
International Standard Book Number 0-86611-962-0
050 ## - LIBRARY OF CONGRESS CALL NUMBER
Classification number FIC
Item number W97 1990
100 ## - MAIN ENTRY--PERSONAL NAME
Personal name Wyss, Johann
245 ## - TITLE STATEMENT
Title The swiss family robinson /
Statement of responsibility, etc by Johann Wyss.
260 ## - PUBLICATION, DISTRIBUTION, ETC. (IMPRINT)
Place of publication, distribution, etc New York :
Name of publisher, distributor, etc Baronet books,
Date of publication, distribution, etc c1990.
300 ## - PHYSICAL DESCRIPTION
Extent 238 p. ; cm.
Holdings
Withdrawn status Lost status Damaged status Use restrictions Home library Current library Shelving location Date acquired Source of acquisition Total Checkouts Full call number Barcode Date last seen Price effective from Koha item type
        Munich Library Munich Library Fiction Section 10/02/2006     FIC W97 1990 M1490 04/14/2014 04/14/2014 Books

The swiss family robinson /

APA

Wyss J., . (1990). The swiss family robinson. New York: Baronet books.

Chicago

Wyss Johann, . 1990. The swiss family robinson. New York: Baronet books.

Harvard

Wyss J., . (1990). The swiss family robinson. New York: Baronet books.

MLA

Wyss Johann, . The swiss family robinson. New York: Baronet books. 1990.

  • Place hold
  • Print
  • Cite
  • Add to your cart (remove)
  • Save record
    BIBTEX Dublin Core MARCXML MARC (non-Unicode/MARC-8) MARC (Unicode/UTF-8) MARC (Unicode/UTF-8, Standard) MODS (XML) RIS
  • More searches
    Search for this title in:
    Other Libraries (WorldCat) Other Databases (Google Scholar) Online Stores (Bookfinder.com) Open Library (openlibrary.org)

Exporting to Dublin Core...

SOUTHVILLE LIBRARY

Southville International School and Colleges Library

1281 Tropical Ave. Cor. Luxembourg St., BF Homes International, Las Pinas City

Tel. No. 8256374 / 252358 Loc. 117/146

Powered by Koha